[Event "Brno ÈEZ Talent"]
[Site "?"]
[Date "2014.08.27"]
[Round "5"]
[White "Sergeev, Vladimir"]
[Black "Kraus, Tomas"]
[Result "1-0"]
[WhiteElo "2438"]
[BlackElo "2400"]
[PlyCount "85"]
[EventDate "2014.??.??"]

1. c4 c5 2. Nf3 Nf6 3. g3 e6 4. Bg2 d5 5. cxd5 Nxd5 6. O-O Nc6 7. d4 Be7 8. Nc3
O-O 9. e4 Nxc3 10. bxc3 cxd4 11. cxd4 b6 12. Bb2 Ba6 13. Re1 Rc8 14. Bf1 Bxf1 {
(R)} 15. Kxf1 Na5 16. Qd3 Nc4 17. Bc3 b5 18. Rab1 a6 19. d5 exd5 20. Qxd5 Qb6
21. Bd4 Qa5 22. Re2 Rcd8 23. Qb7 Qa3 24. Rb3 Qd6 25. e5 Qe6 26. Qe4 Rd5 27. Kg2
Rfd8 28. h4 h6 29. Kh2 a5 30. Bc3 a4 31. Rb1 Na3 32. Rc1 Bc5 33. Kg2 Bb6 34.
Nd2 Bd4 35. Nf3 Bxc3 36. Rxc3 Nc4 37. Rc1 Re8 38. Nd4 Qd7 39. e6 {Diagram # (R)
} fxe6 40. Nxb5 Nd2 41. Qxa4 Qf7 42. f4 Qb7 43. Rc7 1-0

[Event "Brno ÈEZ Talent"]
[Site "?"]
[Date "2014.08.27"]
[Round "5"]
[White "Lanc, Alois"]
[Black "Meszaros, Ludek"]
[Result "1/2-1/2"]
[WhiteElo "2363"]
[BlackElo "2101"]
[PlyCount "30"]
[EventDate "2014.??.??"]

1. e4 g6 2. d4 Bg7 3. Nc3 d6 4. f4 Nf6 5. Nf3 c5 6. dxc5 Qa5 7. Bd3 Qxc5 8. Qe2
Bg4 9. Be3 Qa5 10. O-O Nc6 11. h3 Bxf3 12. Qxf3 O-O 13. a3 a6 14. Nd5 Nxd5 15.
exd5 Nd4 1/2-1/2

[Event "Brno ÈEZ Talent"]
[Site "?"]
[Date "2014.08.27"]
[Round "5"]
[White "Holemar, David"]
[Black "Miculka, David"]
[Result "1/2-1/2"]
[WhiteElo "2246"]
[BlackElo "2018"]
[PlyCount "80"]
[EventDate "2014.??.??"]

1. d4 Nf6 2. c4 g6 3. Nc3 Bg7 4. e4 d6 5. f4 O-O 6. Nf3 c5 7. d5 e6 8. Be2 exd5
9. cxd5 Bg4 10. O-O Nbd7 11. Re1 Re8 12. h3 Bxf3 13. Bxf3 a6 14. a4 Rb8 15. a5
Qc7 16. Be3 b5 17. axb6 Rxb6 18. Qc2 a5 19. Kh1 Reb8 20. Ra2 Ne8 21. Bd2 Rb3
22. Nd1 Qb7 23. Rxa5 Bxb2 24. Nxb2 Rxb2 25. Qc1 Qb3 26. Qc3 Nc7 27. Ra7 Qb6 28.
Qa5 Rxd2 29. Qxb6 Nxb6 30. Rxc7 c4 31. Rc1 f5 32. e5 Nxd5 33. Bxd5+ Rxd5 34.
exd6 Rxd6 35. R1xc4 Rf6 36. Kh2 Rf7 37. Rxf7 Kxf7 38. Rc7+ Kg8 39. Kg3 Rf8 40.
Kf3 Rf7 {(R)} 1/2-1/2

[Event "Brno ÈEZ Talent"]
[Site "?"]
[Date "2014.08.27"]
[Round "5"]
[White "Vechet, Stanislav"]
[Black "Blahynka, Martin"]
[Result "1-0"]
[WhiteElo "2151"]
[BlackElo "2210"]
[PlyCount "193"]
[EventDate "2014.??.??"]

1. d4 b6 2. e4 Bb7 3. Bd3 Nf6 4. Qe2 Nc6 5. c3 e5 6. d5 Ne7 7. Nh3 Ng6 8. Be3
c6 9. c4 Bb4+ 10. Kf1 b5 11. b3 bxc4 12. bxc4 Ba6 13. f3 O-O 14. g3 Qa5 15. Nf2
Rfc8 16. Kg2 d6 17. Rd1 Nd7 18. Nd2 cxd5 19. Nb3 Qa4 20. cxd5 Bxd3 21. Nxd3 Bc3
22. Rac1 f5 23. Nf2 f4 24. gxf4 exf4 25. Bd4 Bxd4 26. Rxd4 Qa3 27. Rdc4 Rxc4
28. Rxc4 Nde5 29. Rc3 Qb4 30. Qd2 Nh4+ 31. Kh3 Qb7 32. Kxh4 Qd7 33. Ng4 Ng6+
34. Kh3 h5 35. Nd4 hxg4+ 36. fxg4 Qe7 37. Qe1 Qf6 38. Ne6 f3 39. Rc2 Nf4+ 40.
Kg3 Ne2+ 41. Rxe2 fxe2 42. Qxe2 Rc8 43. Kg2 Rc3 44. Qf2 Ra3 45. Qe2 Qh4 46. Nf4
g5 47. Nd3 Qh7 48. Nf2 Qf7 49. Qb2 Re3 50. Qb8+ Qf8 51. Qxa7 Qf3+ 52. Kf1 Qf4
53. Qb8+ Kg7 54. Qc7+ Kg6 55. Qe7 Ra3 56. Qe6+ Qf6 57. Qe8+ Kh6 58. Qh5+ Kg7
59. Qe8 Rxa2 60. Qd7+ Kh6 61. Qf5 Kg7 62. Qd7+ Qf7 63. Qf5 Qf6 64. Qd7+ Kf8 65.
Qc8+ Kf7 66. Qb7+ Kg6 67. Qb6 Qf4 68. Kg1 Rc2 69. e5 Rc1+ 70. Kg2 Qxe5 71. Qb3
Rc5 72. Qd3+ Kg7 73. Ne4 Qxd5 74. Qf3 Rc2+ 75. Kh3 Qe5 76. Ng3 Kh8 77. Qf8+ Kh7
78. Qf7+ Qg7 79. Qf5+ Qg6 80. Qd7+ Kh8 81. Qd8+ Qg8 82. Qf6+ Qg7 83. Qd8+ Kh7
84. Qe8 Qh6+ 85. Nh5 Rc7 86. Qe4+ Qg6 87. Nf6+ Kh6 88. Qd4 Rb7 89. Ne4 Rb3+ 90.
Ng3 Kh7 91. Qa7+ Qg7 92. Qa2 Qh6+ 93. Kg2 Qe6 94. Qc2+ Kg8 95. Qd2 Rb5 96. Kh3
Re5 97. Qb2 {Diagram #} 1-0

[Event "Brno ÈEZ Talent"]
[Site "?"]
[Date "2014.08.27"]
[Round "5"]
[White "Hosek, Martin"]
[Black "Pokorny, Petr"]
[Result "1/2-1/2"]
[WhiteElo "2039"]
[BlackElo "2126"]
[PlyCount "58"]
[EventDate "2014.??.??"]

1. d4 e6 2. c4 f5 3. g3 Nf6 4. Bg2 d5 5. Nh3 c6 6. Qc2 Be7 7. O-O O-O 8. b3 Na6
9. Nd2 b6 10. Bb2 Bb7 11. Rac1 Bd6 12. Nf4 Qe7 13. Nd3 Nb4 14. Nxb4 Bxb4 15.
Nf3 Nd7 16. Ne5 Nxe5 17. dxe5 Rac8 18. e3 Ba3 19. Rfd1 Rfd8 20. Qb1 Bxb2 21.
Qxb2 Qb4 22. a3 Qe7 23. Bf1 g5 24. cxd5 cxd5 25. Rd2 Rxc1 26. Qxc1 Rc8 27. Rc2
Rxc2 28. Qxc2 Qd7 29. Qc3 Qc6 1/2-1/2

[Event "Brno ÈEZ Talent"]
[Site "?"]
[Date "2014.08.27"]
[Round "5"]
[White "Kociscak, Jiri"]
[Black "Zpevakova, Jana"]
[Result "1-0"]
[WhiteElo "2458"]
[BlackElo "2042"]
[PlyCount "67"]
[EventDate "2014.??.??"]

1. d4 Nf6 2. c4 e5 3. dxe5 Ng4 4. Nf3 Bc5 5. e3 Nc6 6. Be2 O-O 7. O-O Re8 8.
Nc3 Ngxe5 9. b3 Nxf3+ 10. Bxf3 Ne5 11. Bb2 d6 12. Na4 Bb6 13. Be2 Qh4 14. Nxb6
axb6 15. Qd4 Qh6 16. a3 Ra5 17. b4 Ra8 18. Qc3 Qg6 19. f4 Bh3 20. Rf2 Ng4 21.
Bxg4 Bxg4 22. f5 Qg5 23. Rf4 f6 24. Raf1 Bh5 25. e4 Rf8 26. h4 Qh6 27. g4 Be8
28. Qg3 g5 29. fxg6 Qxg6 30. Bxf6 Bc6 31. h5 Qe8 32. Bb2 Qe6 33. Qc3 Qe5 34.
Rxf8+ 1-0

[Event "Brno ÈEZ Talent"]
[Site "?"]
[Date "2014.08.27"]
[Round "5"]
[White "Milcova, Zuzana"]
[Black "Kratochvil, Josef"]
[Result "1-0"]
[WhiteElo "2027"]
[BlackElo "2269"]
[PlyCount "77"]
[EventDate "2014.??.??"]

1. d4 g6 2. c4 Bg7 3. Nf3 c5 4. e4 cxd4 5. Nxd4 Nc6 6. Nxc6 bxc6 7. Nc3 d6 8.
Be2 Nf6 9. Be3 O-O 10. O-O c5 11. Rc1 Rb8 12. b3 Bb7 13. e5 Ne8 14. exd6 exd6
15. Bf3 Nc7 16. Bxb7 Rxb7 17. Qf3 Rb6 18. Rfd1 Ne6 19. Na4 Ra6 {Diagram #} 20.
Nxc5 Rxa2 21. Ne4 f5 22. Nxd6 f4 23. Qd5 Qd7 24. Bd4 Kh8 25. Bxg7+ Nxg7 26. f3
Qe7 27. Ne4 Nf5 28. Rd2 Rxd2 29. Qxd2 Ne3 30. c5 Rc8 31. b4 Qe6 32. Nd6 Rf8 33.
c6 Nd5 34. c7 Qxd6 35. Qd4+ Kg8 36. c8=Q Rxc8 37. Rxc8+ Kf7 38. Rc5 Ke6 39.
Qe4+ 1-0

[Event "Brno ÈEZ Talent"]
[Site "?"]
[Date "2014.08.27"]
[Round "5"]
[White "Kucera, Petr"]
[Black "Ketola, Ville"]
[Result "0-1"]
[WhiteElo "1981"]
[BlackElo "2121"]
[PlyCount "30"]
[EventDate "2014.??.??"]

1. e4 c6 2. Ne2 d5 3. e5 Nh6 4. Nf4 Bf5 5. Be2 e6 6. g4 Be4 {Diagram #} 7. f3
Qh4+ 8. Kf1 Nxg4 9. fxg4 Bxh1 10. d3 Qxh2 11. Bf3 Bc5 12. d4 Bxf3 13. Qxf3 Bxd4
14. Nc3 Nd7 15. Nh5 O-O-O 0-1

[Event "Brno ÈEZ Talent"]
[Site "?"]
[Date "2014.08.27"]
[Round "5"]
[White "Majer, Jiri"]
[Black "Miculka, Petr"]
[Result "0-1"]
[WhiteElo "2067"]
[BlackElo "2029"]
[PlyCount "62"]
[EventDate "2014.??.??"]

1. d4 Nf6 2. c4 g6 3. Nf3 Bg7 4. g3 O-O 5. Bg2 d6 6. O-O Nbd7 7. Nc3 e5 8. dxe5
dxe5 9. h3 c6 10. Be3 Nh5 11. Qb3 h6 12. Rad1 f5 13. Bc1 Qe7 14. Qc2 e4 15. Nh4
Ne5 16. Nxe4 fxe4 17. Qxe4 Bf5 18. Nxf5 gxf5 19. Qc2 Rae8 20. c5 Qe6 21. Qa4 a6
22. Qh4 Qf7 23. Rd6 Nc4 24. Rd3 Bf6 25. Rd7 Bxh4 26. Rxf7 Rxf7 27. gxh4 Kh7 28.
b3 Ne5 29. f4 Ng6 30. Bf3 Ng3 31. h5 Nh4 0-1

[Event "Brno ÈEZ Talent"]
[Site "?"]
[Date "2014.08.27"]
[Round "5"]
[White "Chudinovskikh, Alexander M"]
[Black "Turza, Pavel"]
[Result "1-0"]
[WhiteElo "2273"]
[BlackElo "1776"]
[PlyCount "91"]
[EventDate "2014.??.??"]

1. e4 e5 2. Nf3 Nc6 3. Bb5 a6 4. Ba4 Bc5 5. c3 Qe7 6. O-O h6 7. d4 Bd6 8. Nbd2
Nf6 9. Re1 Kd8 10. Nc4 Re8 11. Bb3 b5 12. Ne3 exd4 13. Nd5 Qf8 14. Nxf6 gxf6
15. cxd4 Na5 16. Bc2 Bb4 17. Re2 Nc4 18. Nh4 d5 19. exd5 Nd6 20. Bf4 Bb7 21.
Rxe8+ Nxe8 22. Qh5 Nd6 23. Bb3 Bc8 24. Qxh6 Qxh6 25. Bxh6 Bb7 26. a3 Ba5 27.
Rd1 Kd7 28. Bg7 Ne8 29. Bf8 Nd6 30. Bxd6 Kxd6 31. Nf5+ Kd7 32. h4 Rh8 33. Rd3
Bb6 34. g3 Rh7 35. Kg2 Ke8 36. Kh2 Bc8 37. Ne3 f5 38. Ng2 f6 39. Nf4 Bd7 40.
Kg2 Re7 41. Ne6 Bc8 42. Ba2 c6 43. Nf4 Re4 44. dxc6 Rxd4 45. Rxd4 Bxd4 46. h5
1-0

[Event "Brno ÈEZ Talent"]
[Site "?"]
[Date "2014.08.27"]
[Round "5"]
[White "Kozusek, Daniel"]
[Black "Glozar, Petr"]
[Result "1-0"]
[WhiteElo "2191"]
[BlackElo "1566"]
[PlyCount "59"]
[EventDate "2014.??.??"]

1. d4 d5 2. c4 e6 3. Nf3 Nf6 4. g3 Be7 5. Bg2 O-O 6. O-O b6 7. cxd5 Nxd5 8. e4
Nf6 9. Qc2 Bb7 10. Nc3 Bb4 11. e5 Nd5 12. Ne4 h6 13. a3 Be7 14. Bd2 Nd7 15. b4
f6 16. exf6 Bxf6 17. Rfe1 Qe8 18. Bh3 Kh8 19. Nxf6 Rxf6 20. Ne5 Nxe5 21. dxe5
Rf8 22. Bg2 Qf7 23. f4 g5 24. Rf1 gxf4 25. Bxd5 Bxd5 26. Rxf4 Qg7 27. Rh4 Rf7
28. Rxh6+ Kg8 29. Rg6 Raf8 30. Bh6 1-0

[Event "Brno ÈEZ Talent"]
[Site "?"]
[Date "2014.08.27"]
[Round "5"]
[White "Uhmann, Jan"]
[Black "Skacelik, Petr"]
[Result "1-0"]
[WhiteElo "2048"]
[BlackElo "2173"]
[PlyCount "75"]
[EventDate "2014.??.??"]

1. e4 d6 2. d4 Nf6 3. Bd3 e5 4. c3 g6 5. Bg5 Bg7 6. Ne2 h6 7. Bh4 g5 8. Bg3 Nh5
9. Qb3 Nd7 10. f3 Qe7 11. Bf2 Nf8 12. d5 Ng6 13. Bb5+ Kf8 14. Nd2 a6 15. Bd3
Nhf4 16. Nxf4 Nxf4 17. Bf1 Bf6 18. g3 Ng6 19. O-O-O Kg7 20. Nc4 g4 21. Be2 Bg5+
22. Kc2 h5 23. Rdf1 f5 24. Ne3 Bxe3 25. Bxe3 c6 26. fxg4 fxg4 27. Rf2 cxd5 28.
Qxd5 Rf8 29. Rhf1 Be6 30. Qd2 Rxf2 31. Rxf2 Qd7 32. Bh6+ {Diagram #} Kg8 33.
Qg5 Qa4+ 34. Kc1 Kh7 35. Qxh5 Qxe4 36. Rf6 Re8 37. Bg5+ Kg7 38. Qh6+ 1-0

[Event "Brno ÈEZ Talent"]
[Site "?"]
[Date "2014.08.27"]
[Round "5"]
[White "Dvorak, Adam"]
[Black "Hajek, Oskar"]
[Result "1/2-1/2"]
[WhiteElo "2130"]
[BlackElo "2061"]
[PlyCount "28"]
[EventDate "2014.??.??"]

1. d4 Nf6 2. c4 g6 3. d5 c6 4. Nc3 cxd5 5. cxd5 d6 6. g3 Bg7 7. Bg2 O-O 8. Nf3
Na6 9. O-O Bd7 10. a3 Rc8 11. Be3 Nc5 12. Rc1 Ng4 13. Bd4 Bxd4 14. Nxd4 Ne5 {
(R)} 1/2-1/2

[Event "Brno ÈEZ Talent"]
[Site "?"]
[Date "2014.08.27"]
[Round "5"]
[White "Greussing, Stefan"]
[Black "Richterova, Natasa"]
[Result "0-1"]
[WhiteElo "1803"]
[BlackElo "2105"]
[PlyCount "92"]
[EventDate "2014.??.??"]

1. e4 Nf6 2. e5 Nd5 3. c4 Nb6 4. c5 Nd5 5. Nc3 e6 6. Nxd5 exd5 7. d4 d6 8. Be3
dxe5 9. dxe5 c6 10. Rc1 g6 11. Bd4 Bg7 12. e6 O-O 13. Bxg7 Kxg7 14. exf7 Qe7+
15. Be2 Kxf7 16. Rc3 Bf5 17. Qd4 Nd7 18. Nf3 Rae8 19. Qe3 Qxe3 20. fxe3 Kg7 21.
Nd4 Ne5 22. Nxf5+ Rxf5 23. Rf1 Rg5 24. Rf2 Nf7 25. Kd2 Rge5 26. h3 Ng5 27. Bf3
R8e7 28. Ra3 a6 29. Rb3 Rf5 30. a4 Ne4+ 31. Ke2 Nxf2 32. Kxf2 h5 33. Kg3 Rfe5
34. Kf2 Kf7 35. Rd3 a5 36. g4 Ke8 37. gxh5 gxh5 38. b3 Kf7 39. Bg2 Kf6 40. Bf3
Kg5 41. Bg2 Rf5+ 42. Ke2 Kh4 43. Rd4+ Kg3 44. Bh1 Rf2+ 45. Kd3 Rf1 46. e4 Rxh1
0-1

[Event "Brno ÈEZ Talent"]
[Site "?"]
[Date "2014.08.27"]
[Round "5"]
[White "Blazek, Pavel"]
[Black "Hrdlicka, Vladan"]
[Result "0-1"]
[WhiteElo "1770"]
[BlackElo "1823"]
[PlyCount "104"]
[EventDate "2014.??.??"]

1. d4 d5 2. Nf3 Nf6 3. Bf4 c6 4. c3 e6 5. e3 Bd6 6. Bxd6 Qxd6 7. Bd3 Nbd7 8.
Nbd2 e5 9. e4 O-O 10. O-O exd4 11. Nxd4 Ne5 12. Bb1 Neg4 13. N4f3 Re8 14. exd5
Nxd5 15. Ne4 Qf4 16. Ng3 Ne5 17. Nxe5 Rxe5 18. Qd3 g6 19. Bc2 h5 20. Rae1 h4
21. Rxe5 Qxe5 22. Qe2 Qg5 23. Qe8+ Kg7 24. Ne4 Qg4 25. Bd1 Qe6 26. Qxe6 Bxe6
27. Re1 Nf4 28. Ng5 Bxa2 29. Bc2 Rd8 30. Nf3 Be6 31. h3 Kh6 32. Rd1 Rxd1+ 33.
Bxd1 g5 34. Bc2 Bd5 35. Ne1 a5 36. Kh2 b5 37. g3 hxg3+ 38. fxg3 Ne2 39. Bd3 Nc1
40. Bc2 c5 41. Kg1 b4 42. cxb4 cxb4 43. Kf2 Be6 44. g4 Na2 45. Nf3 b3 46. Be4
Nb4 47. Nd4 a4 48. Nb5 Bd5 49. Bf5 Kg7 50. Bd7 Nd3+ 51. Kg3 Nxb2 52. Nc3 a3 0-1

[Event "Brno ÈEZ Talent"]
[Site "?"]
[Date "2014.08.27"]
[Round "5"]
[White "Spodny, Josef"]
[Black "Sarson, Ondrej"]
[Result "1/2-1/2"]
[WhiteElo "2007"]
[BlackElo "1778"]
[PlyCount "45"]
[EventDate "2014.??.??"]

1. d4 d5 2. Nf3 Nf6 3. e3 c6 4. Bd3 Bg4 5. Nbd2 e6 6. O-O Nbd7 7. c4 dxc4 8.
Nxc4 Be7 9. h3 Bh5 10. Bd2 O-O 11. Bc3 Qc7 12. Rc1 Rac8 13. Be2 Ne4 14. Nfe5
Bxe2 15. Qxe2 Nxe5 16. Nxe5 Bd6 17. Nc4 Rfd8 18. Be1 Qe7 19. f3 Ng3 20. Bxg3
Bxg3 21. Nd2 e5 22. Ne4 Bh4 23. dxe5 1/2-1/2

[Event "Brno ÈEZ Talent"]
[Site "?"]
[Date "2014.08.27"]
[Round "5"]
[White "Svanda, Ondrej"]
[Black "Licka, Vlastimil"]
[Result "1-0"]
[WhiteElo "1725"]
[BlackElo "1959"]
[PlyCount "55"]
[EventDate "2014.??.??"]

1. e4 c5 2. Nc3 a6 3. g3 b5 4. Bg2 Bb7 5. d3 Nc6 6. Be3 d6 7. Qd2 e6 8. f4 Qc7
9. Nf3 Nf6 10. h3 Be7 11. O-O Nd7 12. Ne2 Nb6 13. c3 O-O-O 14. b3 d5 15. e5 h6
16. Rfb1 Kb8 17. a4 b4 18. d4 c4 19. a5 Nc8 20. bxc4 Nxa5 21. c5 Nc4 22. Qd3
bxc3 23. Qxc3 Qc6 24. Nd2 Nxd2 25. Bxd2 g5 26. Qd3 Ka8 27. Nc1 gxf4 28. Nb3 1-0

[Event "Brno ÈEZ Talent"]
[Site "?"]
[Date "2014.08.27"]
[Round "5"]
[White "Stehlik, Jiri"]
[Black "Prokop, Jiri"]
[Result "1-0"]
[WhiteElo "1945"]
[BlackElo "1693"]
[PlyCount "65"]
[EventDate "2014.??.??"]

1. Nf3 g6 2. d4 d5 3. g3 Bg7 4. Bg2 c6 5. O-O f5 6. b3 Nf6 7. Bb2 O-O 8. c4 e6
9. Nc3 Nbd7 10. Qc2 Ne4 11. e3 Ndf6 12. Ne5 Nd7 13. Nxd7 Bxd7 14. Rad1 Rc8 15.
f3 Nxc3 16. Bxc3 b6 17. Qd2 c5 18. cxd5 Bb5 19. Rfe1 Qxd5 20. f4 Qd8 {(R)} 21.
d5 Bxc3 22. Qxc3 Qf6 23. Qxf6 Rxf6 24. dxe6 Kf8 25. Bd5 Ke7 26. e4 Rff8 27. a4
Ba6 28. exf5 Rxf5 29. Be4 Rf6 30. Rd7+ Kxe6 31. Bc6+ Kf5 32. Rd5+ Kg4 33. Rg5+
1-0

[Event "Brno ÈEZ Talent"]
[Site "?"]
[Date "2014.08.27"]
[Round "5"]
[White "Zeman, Radek"]
[Black "Dumkova, Daniela"]
[Result "1-0"]
[WhiteElo "1845"]
[BlackElo "1745"]
[PlyCount "69"]
[EventDate "2014.??.??"]

1. d4 Nf6 2. Nf3 e6 3. e3 c5 4. c4 d5 5. cxd5 Nxd5 6. Nc3 Nxc3 7. bxc3 Nc6 8.
Bd3 Be7 9. O-O O-O 10. Bc2 cxd4 11. exd4 Bf6 12. Qd3 g6 13. Bh6 Bg7 14. Bxg7
Kxg7 15. Rad1 a6 16. a4 Qc7 17. h4 Bd7 18. h5 Rac8 19. hxg6 hxg6 20. Rfe1 Na5
21. Ne5 Rh8 22. Qf3 Bc6 23. Qg4 Rh6 24. f3 Bd5 25. Be4 Bxe4 26. Qxe4 Rch8 27.
Ng4 Rh1+ 28. Kf2 Rxe1 29. Rxe1 {Diagram #} Re8 30. Qe3 Rh8 31. d5 Nc4 32. Qd4+
e5 33. Nxe5 Nxe5 34. Rxe5 f6 35. d6 1-0

[Event "Brno ÈEZ Talent"]
[Site "?"]
[Date "2014.08.27"]
[Round "5"]
[White "Tovarek, Antonin"]
[Black "Kaplan, Milan"]
[Result "1-0"]
[WhiteElo "2029"]
[BlackElo "1800"]
[PlyCount "83"]
[EventDate "2014.??.??"]

1. e4 c5 2. Nf3 Nc6 3. d4 cxd4 4. Nxd4 Nf6 5. Nc3 e5 6. Ndb5 d6 7. Bg5 a6 8.
Na3 b5 9. Nd5 Be7 10. Nxe7 Qxe7 11. c3 Bb7 12. Qf3 h6 13. Bxf6 Qxf6 14. Qxf6
gxf6 15. Rd1 Rd8 16. Nc2 Ne7 17. f3 f5 18. Bd3 fxe4 19. fxe4 d5 20. exd5 f5 21.
c4 bxc4 22. Bxc4 Nxd5 23. Kf2 Ke7 24. Rhe1 Kf6 25. g3 h5 26. Bxd5 Rxd5 27. Nb4
Rdd8 28. h4 Rd4 29. Rxd4 exd4 30. Nd3 Be4 31. Nc5 Ke5 32. Nxa6 Kd5 33. Rc1 Rd8
34. Nb4+ Kd6 35. Rd1 Kc5 36. Nd3+ Bxd3 37. Rxd3 Kc4 38. Ke2 Re8+ 39. Kd2 Re4
40. Rf3 Re5 41. a3 Rb5 42. b3+ 1-0

[Event "Brno ÈEZ Talent"]
[Site "?"]
[Date "2014.08.27"]
[Round "5"]
[White "Benes, Miroslav"]
[Black "Martirosyan, Ara"]
[Result "1-0"]
[WhiteElo "1957"]
[BlackElo "1729"]
[PlyCount "47"]
[EventDate "2014.??.??"]

1. d4 Nf6 2. Nf3 g6 3. g3 Bg7 4. Bg2 O-O 5. O-O d5 6. b3 Nc6 7. Bb2 Bg4 8. Ne5
Nxe5 9. dxe5 Nd7 10. h3 Be6 11. f4 Bf5 12. Qxd5 Rb8 13. c4 c6 14. Qd4 Bxb1 15.
Raxb1 Nb6 16. Rbd1 Qxd4+ 17. Bxd4 Rfd8 18. a4 Rd7 19. Rd3 Rbd8 20. Rfd1 Kf8 21.
a5 Nc8 22. a6 b6 23. Bxc6 Rc7 24. Bxb6 1-0

[Event "Brno ÈEZ Talent"]
[Site "?"]
[Date "2014.08.27"]
[Round "5"]
[White "Veznik, Michael"]
[Black "Zikan, Karel"]
[Result "1-0"]
[WhiteElo "1934"]
[BlackElo "1772"]
[PlyCount "49"]
[EventDate "2014.??.??"]

1. e4 c6 2. Nf3 d5 3. Nc3 Bg4 4. h3 Bxf3 5. Qxf3 e6 6. d4 Bb4 7. e5 Ne7 8. Bd3
c5 9. dxc5 Qc7 10. O-O Bxc3 11. Bb5+ Nd7 12. Qxc3 O-O-O 13. Bg5 Rhe8 14. a4 h6
15. Bxe7 Rxe7 16. Bxd7+ Rexd7 17. Qd4 Kb8 18. b4 Rc8 19. a5 Qc6 20. Rfd1 b6 21.
axb6 axb6 22. Ra6 Rb7 23. cxb6 Qxc2 24. Qa1 Rxb6 25. Rxb6+ 1-0

[Event "Brno ÈEZ Talent"]
[Site "?"]
[Date "2014.08.27"]
[Round "5"]
[White "Svanda, Adam"]
[Black "Hyll, Jan"]
[Result "0-1"]
[WhiteElo "1486"]
[BlackElo "1932"]
[PlyCount "70"]
[EventDate "2014.??.??"]

1. c4 c6 2. Nc3 Nf6 3. g3 d5 4. cxd5 cxd5 5. d4 Nc6 6. Nf3 Bf5 7. Bg2 e6 8. O-O
h6 9. Bf4 Be7 10. Ne5 O-O 11. Qa4 Qb6 12. Nxc6 bxc6 13. Rfe1 c5 14. e3 Bd3 15.
Rad1 c4 16. Rd2 Nh5 17. Qb5 Nxf4 18. Qxb6 axb6 19. gxf4 Rfb8 20. b3 Bb4 21. Rc1
b5 22. Bf1 Bf5 23. f3 Bd6 24. Ne2 Bd3 25. Ng3 Bxf1 26. Kxf1 Ra3 27. Rb2 Rba8
28. Rcc2 R3a5 29. bxc4 dxc4 30. Ne4 Be7 31. Kg2 Rc8 32. Rb3 Rxa2 33. Rxa2 cxb3
34. Rb2 Rc2+ 35. Rxc2 bxc2 0-1

[Event "Brno ÈEZ Talent"]
[Site "?"]
[Date "2014.08.27"]
[Round "5"]
[White "Barak, David"]
[Black "Khachatouri, Saro"]
[Result "0-1"]
[WhiteElo "1409"]
[BlackElo "1790"]
[PlyCount "52"]
[EventDate "2014.??.??"]

1. e4 d6 2. d4 Nf6 3. Nc3 e5 4. Nf3 Nbd7 5. Be3 Be7 6. Bc4 c6 7. O-O O-O 8. Qd3
b5 9. Bb3 a5 10. a4 b4 11. dxe5 dxe5 12. Ne2 h6 13. Ng3 Qc7 14. Rfd1 Nc5 15.
Bxc5 Bxc5 16. Rac1 Ng4 17. Rd2 Ba6 18. Bc4 Rfd8 19. Qb3 Rxd2 20. Nxd2 Bxf2+ 21.
Kf1 Be3 22. Bxa6 Bxd2 23. Rb1 Qb6 24. Nh1 Qxa6+ 25. Kg1 Be3+ 26. Nf2 Qe2 0-1

[Event "Brno ÈEZ Talent"]
[Site "?"]
[Date "2014.08.27"]
[Round "5"]
[White "Effenberger, Adam"]
[Black "Kosina, Vladimir"]
[Result "1-0"]
[WhiteElo "1734"]
[BlackElo "1799"]
[PlyCount "119"]
[EventDate "2014.??.??"]

1. e4 c6 2. d4 d5 3. Nc3 e6 4. Nf3 Bb4 5. e5 Ne7 6. Bd3 Nd7 7. O-O Nf8 8. a3
Ba5 9. Be3 h6 10. Nd2 a6 11. f4 Nf5 12. Qf3 Bb6 13. Ne2 g6 14. c3 Bd7 15. Bf2
h5 16. Ng3 Qe7 17. Nxf5 exf5 18. Qh3 Bd8 19. Nf3 Ne6 20. Bh4 Qf8 21. g3 Bxh4
22. Qxh4 Qe7 23. Qxe7+ Kxe7 24. Kf2 Rag8 25. h4 Rg7 26. a4 c5 27. Rfc1 Rc8 28.
Ke3 cxd4+ 29. Nxd4 Nc5 30. Bc2 Ne4 31. Ne2 Rgg8 32. Rd1 Be6 33. Rd4 a5 34. Rad1
Rc5 35. Bb3 Rd8 36. c4 dxc4 37. Rxd8 cxb3 38. Rb8 Rc7 39. Rdd8 Bd7 40. Ra8 Bxa4
41. Rdb8 Bd7 42. Rxa5 Bc6 43. Nd4 Nxg3 44. Nxc6+ bxc6 45. Rxb3 c5 46. Rc3 Ne4
47. Rca3 Kf8 48. Ra7 Rc6 49. R3a6 Re6 50. Ra8+ Kg7 51. Rxe6 fxe6 52. Kd3 Kf7
53. Kc4 Ke7 54. Rc8 Nd2+ 55. Kxc5 Nf3 56. b4 Kd7 57. Rc6 Nxh4 58. Rd6+ Ke7 59.
b5 g5 60. b6 1-0

[Event "Brno ÈEZ Talent"]
[Site "?"]
[Date "2014.08.28"]
[Round "6"]
[White "Roubalik, Jakub"]
[Black "Vechet, Stanislav"]
[Result "1/2-1/2"]
[WhiteElo "2347"]
[BlackElo "2151"]
[PlyCount "87"]
[EventDate "2014.??.??"]

1. d4 Nf6 2. c4 e6 3. Nc3 d5 4. Nf3 c6 5. Bg5 Nbd7 6. e3 Qa5 7. Nd2 dxc4 8.
Bxf6 Nxf6 9. Nxc4 Qc7 10. Bd3 Bd6 11. Nxd6+ Qxd6 12. Qf3 Bd7 13. O-O-O O-O-O
14. Kb1 Be8 15. Bc2 Qc7 16. e4 Kb8 17. h3 h5 18. Qe3 Bd7 19. Bb3 h4 20. Rc1 Rh5
21. Ka1 a6 22. e5 Ne8 23. Ne4 Bc8 24. g4 hxg3 25. fxg3 f5 {(R)} 26. Ng5 Qe7 27.
Nf3 Rh8 28. Rcd1 Nc7 29. Qg5 Qf7 30. Qf4 Rdf8 31. Ng5 Qe7 32. Rhf1 Rh5 33. h4
Rh6 34. a3 Bd7 35. Rc1 Rd8 36. Rfd1 Be8 37. Rd2 Bh5 38. Nh3 Bg4 39. Nf2 Rg6 40.
Qe3 Bh5 41. Nh3 Rh6 42. Nf4 Bf7 43. Nh3 Rhh8 44. Ka2 1/2-1/2

[Event "Brno ÈEZ Talent"]
[Site "?"]
[Date "2014.08.28"]
[Round "6"]
[White "Sergeev, Vladimir"]
[Black "Polak, Tomas"]
[Result "1/2-1/2"]
[WhiteElo "2438"]
[BlackElo "2511"]
[PlyCount "53"]
[EventDate "2014.??.??"]

1. g3 d5 2. Bg2 c6 3. Nf3 Nf6 4. d3 Bg4 5. Nbd2 Nbd7 6. h3 Bxf3 7. Bxf3 e6 8.
b3 Bd6 9. Bb2 Qe7 10. a3 a5 11. c4 Rd8 12. Qc2 O-O 13. O-O Rfe8 14. Bg2 h6 15.
Rfd1 Kh8 16. e3 Kg8 17. Qc3 Be5 18. d4 Bc7 19. Rac1 Bd6 20. Ra1 Ra8 21. Qd3
Red8 22. Qe2 Re8 23. Rdc1 Rab8 24. Rc2 Ra8 25. Qf1 Qf8 26. Rcc1 Rab8 27. Rc2
1/2-1/2

[Event "Brno ÈEZ Talent"]
[Site "?"]
[Date "2014.08.28"]
[Round "6"]
[White "Ketola, Ville"]
[Black "Kociscak, Jiri"]
[Result "1/2-1/2"]
[WhiteElo "2121"]
[BlackElo "2458"]
[PlyCount "116"]
[EventDate "2014.??.??"]

1. e4 e5 2. Nf3 Nc6 3. d4 exd4 4. c3 d5 5. exd5 Qxd5 6. cxd4 Bg4 7. Be2 Bb4+ 8.
Nc3 Bxf3 9. Bxf3 Qc4 10. Bxc6+ bxc6 11. Qe2+ Qxe2+ 12. Kxe2 Ne7 13. Be3 O-O-O
14. Rhd1 Rhe8 15. Rd3 Nf5 16. Rad1 c5 17. dxc5 Rxd3 18. Kxd3 Nxe3 19. fxe3 Bxc3
20. Kxc3 Rxe3+ 21. Rd3 Re2 22. Rd2 Rxd2 23. Kxd2 Kb7 24. Kd3 Ka6 25. Kc4 Ka5
26. b4+ Ka4 27. c6 f5 28. h4 f4 29. a3 g6 30. Kd5 Kxa3 31. Ke6 Kxb4 32. Kd7 a5
33. Kxc7 a4 34. Kd6 a3 35. c7 a2 36. c8=Q a1=Q 37. Qb7+ Kc4 38. Qd5+ Kb4 39.
Qc5+ Kb3 40. Qb5+ Kc2 41. Qe2+ Kb3 42. Qd3+ Qc3 43. Qxc3+ Kxc3 44. Ke5 f3 45.
gxf3 Kd3 46. f4 Ke3 47. f5 gxf5 48. Kxf5 h5 49. Ke5 Kf3 50. Kf5 Ke3 51. Kg5 Ke4
52. Kxh5 Kf5 53. Kh6 Kf6 54. Kh7 Kf7 55. h5 Kf8 56. Kh8 Kf7 57. h6 Kf8 58. h7
Kf7 1/2-1/2

[Event "Brno ÈEZ Talent"]
[Site "?"]
[Date "2014.08.28"]
[Round "6"]
[White "Kraus, Tomas"]
[Black "Hosek, Martin"]
[Result "1/2-1/2"]
[WhiteElo "2400"]
[BlackElo "2039"]
[PlyCount "99"]
[EventDate "2014.??.??"]

1. b3 d5 2. Bb2 Nf6 3. e3 c5 4. Nf3 Nc6 5. Bb5 e6 6. Bxc6+ bxc6 7. d3 Bd6 8.
O-O O-O 9. c4 Re8 10. Be5 Bxe5 11. Nxe5 Nd7 12. Nxd7 Bxd7 13. Nc3 Qc7 14. Qe1
e5 15. e4 f5 16. f3 Re6 17. Na4 Qd6 18. Qf2 d4 19. exf5 Rh6 20. g4 g6 21. f4
Re8 22. f6 e4 23. dxe4 Rxe4 24. Rae1 Rxe1 25. Qxe1 Bxg4 26. Qe8+ Qf8 27. f7+
Kg7 28. Qe5+ Kxf7 29. Nxc5 Rh5 30. f5 Rxf5 31. Qe6+ Kg7 32. Qd7+ Kh6 33. Rxf5
Qxf5 34. Qxd4 Qf3 35. Qf2 Qxf2+ 36. Kxf2 Kg5 37. Na6 Kf4 38. Nb8 Bf3 39. b4 g5
40. a4 Bh1 41. b5 cxb5 42. cxb5 Ke5 43. a5 Kd6 44. b6 axb6 45. axb6 Bb7 46. Kg3
h5 47. Kf2 h4 48. Ke3 {Diagram #} Kc5 $2 49. Nd7+ Kc6 50. Ne5+ 1/2-1/2